[Event "Bethune op 26th"]
[Site "Bethune"]
[Date "2005.12.26"]
[Round "1"]
[White "Delbecq, Jeannot"]
[Black "Nguyen, Chi Minh"]
[Result "0-1"]
[WhiteElo "2108"]
[BlackElo "2371"]
[PlyCount "74"]
[EventDate "2005.12.26"]
[EventType "swiss"]
[EventRounds "9"]
[EventCountry "FRA"]
[SourceTitle "CBM 110 Extra"]
[Source "ChessBase"]
[SourceDate "2006.03.10"]
[SourceVersion "2"]
[SourceVersionDate "2006.03.10"]
[SourceQuality "1"]

1. d4 e6 2. Nf3 b6 3. Bf4 Bb7 4. e3 f5 5. Nbd2 Nf6 6. Be2 d6 7. h3 Qe7 8. c3 Nbd7 9. 0-0 h6 10. a4 g5 11. Bh2 Qg7 12. Ne1 h5 13. a5 g4 14. h4 Be7 15. axb6 cxb6 16. Qb3 Qf7 17. Ba6 Bc6 18. Bb5 Bxb5 19. Qxb5 0-0 20. Nd3 Rfd8 21. Ra2 Ne4 22. Nxe4 fxe4 23. Nf4 e5 24. dxe5 dxe5 25. Nd5 Bxh4 26. Nc7 Qxa2 27. Nxa8 Nc5 28. Qc6 Qe6 29. Qc7 Rxa8 30. Bxe5 Qd7 31. Qxd7 Nxd7 32. Bd4 Bf6 33. Rd1 Kf7 34. Ra1 Ke6 35. Ra4 a5 36. b4 Bxd4 37. cxd4 b5 0-1

[Event "Bethune op-A 25th"]
[Site "Bethune"]
[Date "2004.12.29"]
[Round "5"]
[White "Renard, Stephane"]
[Black "Delbecq, Jeannot"]
[Result "1-0"]
[WhiteElo "1982"]
[BlackElo "2095"]
[PlyCount "95"]
[EventDate "2004.12.26"]
[EventType "swiss"]
[EventRounds "7"]
[EventCountry "FRA"]
[SourceTitle "CBM 104 Extra"]
[Source "ChessBase"]
[SourceDate "2005.03.01"]
[SourceVersion "1"]
[SourceVersionDate "2005.03.01"]
[SourceQuality "1"]

1. f4 d5 2. Nf3 Nf6 3. e3 c6 4. b3 h6 5. Bd3 e6 6. Bb2 Nbd7 7. 0-0 Bd6 8. c4 0-0 9. Bc2 Re8 10. d4 c5 11. Ne5 Qc7 12. Nd2 b6 13. Rf3 Bb7 14. Rg3 Rad8 15. Nxd7 Qxd7 16. dxc5 Be7 17. cxb6 axb6 18. Bd4 dxc4 19. Nxc4 Qb5 20. a4 Qa6 21. Bd3 Qa8 22. Nxb6 Qa5 23. Nc4 Qb4 24. Qc2 Rc8 25. Bc3 Qc5 26. b4 Qa7 27. Bd4 Qb8 28. Qb2 Nh5 29. Rh3 Nf6 30. b5 Red8 31. b6 Ba6 32. Qe2 Rxd4 33. exd4 Bxc4 34. Bxc4 Qxb6 35. Rd1 Qb4 36. Bb5 Nd5 37. Rf3 Nc3 38. Qc2 Bf6 39. Rfd3 Nxd1 40. Qxc8+ Kh7 41. Rxd1 Bxd4+ 42. Kh1 Qb3 43. Qc2+ Qxc2 44. Bd3+ Qxd3 45. Rxd3 e5 46. Rxd4 exd4 47. Kg1 Kg6 48. a5 1-0

[Event "Bethune op"]
[Site "Bethune"]
[Date "2004.07.05"]
[Round "3"]
[White "Durez, Cedric"]
[Black "Delbecq, Jeannot"]
[Result "0-1"]
[WhiteElo "1840"]
[BlackElo "2010"]
[PlyCount "94"]
[EventDate "2004.07.03"]
[EventType "swiss"]
[EventRounds "9"]
[EventCountry "FRA"]
[SourceTitle "EXT 2005"]
[Source "ChessBase"]
[SourceDate "2004.11.15"]
[SourceVersion "1"]
[SourceVersionDate "2004.11.15"]
[SourceQuality "1"]

1. e4 c6 2. c4 d5 3. cxd5 cxd5 4. Bb5+ Bd7 5. Bxd7+ Qxd7 6. e5 d4 7. Nf3 e6 8. 0-0 Nc6 9. d3 Nge7 10. Nbd2 Ng6 11. Re1 Bc5 12. Ne4 Bb6 13. Nd6+ Kf8 14. Nc4 Bc7 15. a4 Rc8 16. Qb3 Na5 17. Nxa5 Bxa5 18. Bd2 Bxd2 19. Nxd2 h6 20. Nf3 Kg8 21. Rac1 Kh7 22. h3 Rxc1 23. Rxc1 Rc8 24. Rc4 Rxc4 25. Qxc4 a6 26. b3 Qd8 27. Qc5 Nf4 28. Kf1 b6 29. Qc6 Kh8 30. Qe4 Nd5 31. Qxd4 Qe7 32. g3 Qa3 33. Qc4 Qa1+ 34. Ne1 Qxe5 35. d4 Qf5 36. Qc8+ Kh7 37. g4 Qf6 38. Qc2+ g6 39. Qd3 Qf4 40. Qf3 Qc7 41. Nd3 f6 42. Qe4 Qc2 43. Kg2 Qxd3 44. Qxd3 Nf4+ 45. Kf3 Nxd3 46. Ke3 Nc1 47. b4 Na2 0-1

[Event "Bethune op"]
[Site "Bethune"]
[Date "2004.07.03"]
[Round "1"]
[White "Holland, Christophe"]
[Black "Delbecq, Jeannot"]
[Result "0-1"]
[WhiteElo "1821"]
[BlackElo "2010"]
[PlyCount "90"]
[EventDate "2004.07.03"]
[EventType "swiss"]
[EventRounds "9"]
[EventCountry "FRA"]
[SourceTitle "EXT 2005"]
[Source "ChessBase"]
[SourceDate "2004.11.15"]
[SourceVersion "1"]
[SourceVersionDate "2004.11.15"]
[SourceQuality "1"]

1. d4 Nf6 2. Nf3 e6 3. Bf4 c5 4. e3 Qb6 5. Nc3 cxd4 6. Nb5 Nd5 7. Qxd4 Qa5+ 8. c3 Nc6 9. Qc4 Qb6 10. 0-0-0 a6 11. Nd6+ Bxd6 12. Bxd6 Na5 13. Qc5 Qxc5 14. Bxc5 b6 15. Bd6 Nb7 16. e4 Nxd6 17. exd5 Ne4 18. dxe6 dxe6 19. Rd4 Nxf2 20. Rg1 Bb7 21. Bc4 Rd8 22. Re1 Rxd4 23. Nxd4 0-0 24. h3 b5 25. Bf1 Ne4 26. Bd3 Nf6 27. g4 h6 28. Nb3 Rd8 29. Kc2 Bg2 30. Re3 Nd5 31. Rg3 Nf4 32. Nc5 Nxd3 33. Nxd3 Rd5 34. a3 g5 35. Nb4 Be4+ 36. Nd3 f5 37. gxf5 exf5 38. Re3 Kf7 39. b3 Kf6 40. c4 bxc4 41. bxc4 Bxd3+ 42. Rxd3 Rxd3 43. Kxd3 Ke5 44. Ke3 a5 45. a4 h5 0-1

[Event "FRA-chT3 Gr8 0203"]
[Site "France"]
[Date "2003.04.05"]
[Round "8"]
[White "Dupont, Dany"]
[Black "Delbecq, Jeannot"]
[Result "0-1"]
[WhiteElo "1990"]
[BlackElo "2040"]
[PlyCount "62"]
[EventDate "2002.10.??"]
[EventType "team-tourn"]
[EventRounds "9"]
[EventCountry "FRA"]
[SourceTitle "EXT 2005"]
[Source "ChessBase"]
[SourceDate "2004.11.15"]
[SourceVersion "1"]
[SourceVersionDate "2004.11.15"]
[SourceQuality "1"]

1. e4 c6 2. d4 d5 3. exd5 Qxd5 4. c4 Qa5+ 5. Nc3 Nf6 6. Bd3 Bg4 7. Qc2 Nbd7 8. Bd2 Qc7 9. f3 Bh5 10. Nge2 e6 11. Ne4 c5 12. Nxf6+ Nxf6 13. Bc3 Be7 14. d5 exd5 15. cxd5 0-0-0 16. Bf5+ Kb8 17. Bxf6 Bxf6 18. 0-0-0 Bg6 19. Bxg6 hxg6 20. h3 Rh5 21. Nc3 Bxc3 22. Qxc3 Rhxd5 23. Qxg7 Qf4+ 24. Kc2 Qc4+ 25. Qc3 Qe2+ 26. Kb3 Rxd1 27. Rxd1 Qxd1+ 28. Kc4 Qd5+ 29. Kb5 a6+ 30. Kb6 Qc6+ 31. Ka5 Qb5# 0-1

[Event "FRA-chT3 Gr8 0203"]
[Site "France"]
[Date "2003.03.16"]
[Round "7"]
[White "Gregoire, Thierry"]
[Black "Delbecq, Jeannot"]
[Result "0-1"]
[WhiteElo "2010"]
[BlackElo "2040"]
[PlyCount "48"]
[EventDate "2002.10.??"]
[EventType "team-tourn"]
[EventRounds "9"]
[EventCountry "FRA"]
[SourceTitle "EXT 2005"]
[Source "ChessBase"]
[SourceDate "2004.11.15"]
[SourceVersion "1"]
[SourceVersionDate "2004.11.15"]
[SourceQuality "1"]

1. d4 Nf6 2. Bg5 Ne4 3. Bh4 g5 4. f3 gxh4 5. fxe4 c5 6. e3 Qa5+ 7. c3 Bh6 8. Qf3 cxd4 9. Bc4 Qg5 10. Bxf7+ Kd8 11. cxd4 Rf8 12. Nh3 Qg7 13. Rf1 d6 14. Nc3 Be6 15. e5 Qxf7 16. Nf4 d5 17. 0-0-0 Bxf4 18. exf4 Qg8 19. Qd3 a6 20. Na4 Nd7 21. f5 Qg5+ 22. Rd2 Rc8+ 23. Kd1 Bxf5 24. Qb3 Bg4+ 0-1

[Event "Bethune op 21st"]
[Site "Bethune"]
[Date "2000.??.??"]
[Round "7"]
[White "Delbecq, Jeannot"]
[Black "Lefebvre, Herve"]
[Result "1/2-1/2"]
[WhiteElo "1830"]
[BlackElo "1640"]
[PlyCount "120"]
[EventDate "2000.12.26"]
[EventType "swiss"]
[EventRounds "7"]
[EventCountry "FRA"]
[SourceTitle "EXT 2003"]
[Source "ChessBase"]
[SourceDate "2002.11.25"]
[SourceVersion "1"]
[SourceVersionDate "2002.11.25"]
[SourceQuality "1"]

1. d4 d5 2. Bg5 g6 3. Nf3 Bg7 4. e3 Nf6 5. c4 c6 6. Qb3 Nbd7 7. Nc3 0-0 8. cxd5 cxd5 9. Nxd5 Qa5+ 10. Nc3 e6 11. Bd3 Nd5 12. 0-0 Nxc3 13. Qxc3 Qxc3 14. bxc3 a6 15. Rab1 b5 16. Be4 Ra7 17. Rfc1 Nb6 18. Nd2 f6 19. Bh4 Nd5 20. c4 bxc4 21. Nxc4 Rb7 22. Rxb7 Bxb7 23. Nd6 Ba8 24. Nc8 Rf7 25. Bxd5 Bxd5 26. Nd6 Rf8 27. a4 Rb8 28. Rc8+ Rxc8 29. Nxc8 Kf8 30. Nb6 Ke7 31. Bg3 Bb3 32. Kf1 e5 33. dxe5 fxe5 34. Ke2 Kd6 35. f4 Kc5 36. a5 e4 37. Kd2 Be6 38. Kc2 Kb5 39. Be1 Bf8 40. Na8 Bd6 41. h3 Bc4 42. g4 Bd5 43. Nb6 Bc6 44. Nc8 Bc5 45. Bd2 Bd7 46. Nb6 Bxb6 47. axb6 Kxb6 48. Kc3 Kc5 49. Kb3 Bb5 50. Bc3 Kd5 51. Kb4 Ke6 52. Kc5 h5 53. f5+ gxf5 54. gxh5 Kf7 55. Kd5 Be2 56. Ke5 Bxh5 57. Kxf5 Bf3 58. Kg5 Kg8 59. Kh6 Be2 60. h4 Bc4 1/2-1/2

[Event "Bethune op 21st"]
[Site "Bethune"]
[Date "2000.??.??"]
[Round "6"]
[White "Legrand, Patrick A"]
[Black "Delbecq, Jeannot"]
[Result "1-0"]
[WhiteElo "2020"]
[BlackElo "1830"]
[PlyCount "39"]
[EventDate "2000.12.26"]
[EventType "swiss"]
[EventRounds "7"]
[EventCountry "FRA"]
[SourceTitle "EXT 2003"]
[Source "ChessBase"]
[SourceDate "2002.11.25"]
[SourceVersion "1"]
[SourceVersionDate "2002.11.25"]
[SourceQuality "1"]

1. e4 c6 2. d4 d5 3. Nc3 dxe4 4. Nxe4 Bf5 5. Ng3 Bg6 6. Nf3 Nf6 7. h4 h6 8. h5 Bh7 9. Bd3 Bxd3 10. Qxd3 e6 11. Bf4 Nd5 12. Bd2 Nd7 13. 0-0-0 Bd6 14. Ne4 Be7 15. c4 N5f6 16. Bf4 Nxe4 17. Qxe4 Bf6 18. Ne5 Qe7 19. Rh3 0-0-0 20. Nxc6 1-0